[Event "14th Poti Open-A 2019"]
[Site "Poti"]
[Date "2019.07.13"]
[Round "1.1"]
[White "Yeritsyan, Hayk"]
[Black "Gabuzyan, Hovhannes"]
[Result "1-0"]
[WhiteElo "2210"]
[BlackElo "2622"]
[Annotator "RC"]
[PlyCount "107"]
[EventDate "2019.07.13"]
[EventType "swiss"]
[EventCountry "GEO"]
[SourceTitle "playchess.com"]
[Source "ChessBase"]
[SourceQuality "1"]
[TimeControl "40/5400+30:1800+30"]

1. d4 {[%emt 0:00:00]} Nf6 {[%emt 0:00:00]} 2. c4 {[%emt 0:00:00]} c5 {[%emt 0:00:00]} 3. d5 {[%emt 0:00:00]} e6 {[%emt 0:00:01]} 4. Nc3 {[%emt 0:00:13]} exd5 5. cxd5 {[%emt 0:00:16]} d6 {[%emt 0:00:09]} 6. e4 {[%emt 0:00:15]} g6 {[%emt 0:00:16]} 7. f4 {[%emt 0:00:08]} Bg7 {[%emt 0:00:18]} 8. Nf3 {[%emt 0:06:02]} O-O {[%emt 0:00:07]} 9. Be2 {[%emt 0:00:06]} Bg4 {[%emt 0:02:54]} 10. O-O {[%emt 0:00:30]} Bxf3 {[%emt 0:02:03]} 11. Bxf3 {[%emt 0:00:09]} Nbd7 {[%emt 0:00:02]} 12. g4 {[%emt 0:00:22]} Rb8 {[%emt 0:07:15]} 13. g5 {[%emt 0:02:19]} Ne8 {[%emt 0:00:02]} 14. h4 {[%emt 0:00:19]} Nc7 {[%emt 0:06:54]} 15. Kg2 {[%emt 0:06:57]} b5 {[%emt 0:01:23]} 16. h5 {[%emt 0:06:17]} b4 {[%emt 0:06:06]} 17. Ne2 {[%emt 0:00:43]} f6 {[%emt 0:00:05]} 18. gxf6 {[%emt 0:03:23]} Rxf6 {[%emt 0:00:43]} 19. Ng3 {[%emt 0:06:37]} Qe7 {[%emt 0:02:38]} 20. e5 {[%emt 0:14:49]} dxe5 {[%emt 0:00:06]} 21. Ne4 {[%emt 0:00:26]} Rbb6 {[%emt 0:06:00]} 22. Nxf6+ {[%emt 0:02:35]} Rxf6 {[%emt 0:02:35]} 23. fxe5 {[%emt 0:07:04]} Qxe5 {[%emt 0:00:55]} 24. Qe2 {[%emt 0:13:01]} gxh5 {[%emt 0:01:22]} 25. Qxe5 {[%emt 0:00:34]} Nxe5 {[%emt 0:00:02]} 26. Be4 {[%emt 0:01:33]} Ra6 {[%emt 0:14:16]} 27. Be3 {[%emt 0:02:41]} Nd7 {[%emt 0:03:30]} 28. Bf4 {[%emt 0:06:22]} Be5 {[%emt 0:02:22]} 29. Bxe5 {[%emt 0:00:33]} Nxe5 {[%emt 0:00:02]} 30. Kh3 {[%emt 0:01:05]} Nb5 {[%emt 0:04:25]} 31. Rf5 {[%emt 0:00:52]} Ng6 {[%emt 0:00:03]} 32. Bd3 {[%emt 0:00:45]} Nd4 {[%emt 0:00:26]} 33. Bxa6 {[%emt 0:01:07]} Nxf5 {[%emt 0:00:01]} 34. Rf1 {[%emt 0:01:16]} Ne3 {[%emt 0:00:25]} 35. Rf3 {[%emt 0:00:23]} Ng4 {[%emt 0:00:57]} 36. d6 {[%emt 0:00:55]} N4e5 {[%emt 0:00:44]} 37. Rf5 {[%emt 0:00:12]} Kg7 {[%emt 0:02:10]} 38. Bc4 {[%emt 0:01:52]} Nxc4 {[%emt 0:01:14]} 39. d7 {[%emt 0:00:04]} Nd6 {[%emt 0:00:03]} 40. d8=Q {[%emt 0:00:00]} Nxf5 {[%emt 0:00:00]} 41. Qc7+ {[%emt 0:01:04]} Kf6 {[%emt 0:00:22]} 42. Qxc5 {[%emt 0:00:15]} Nf4+ {[%emt 0:00:24]} 43. Kh2 {[%emt 0:00:03]} h4 {[%emt 0:00:05]} 44. Qxa7 {[%emt 0:00:58]} h3 {[%emt 0:00:21]} 45. a4 {[%emt 0:01:02]} bxa3 {[%emt 0:00:06]} 46. bxa3 {[%emt 0:00:05]} h5 {[%emt 0:00:17]} 47. a4 {[%emt 0:02:46]} Nh6 {[%emt 0:00:38]} 48. Kg3 {[%emt 0:00:11]} Ne6 {[%emt 0:02:30]} 49. Kxh3 {[%emt 0:00:14]} Nf5 {[%emt 0:00:09]} 50. a5 {[%emt 0:00:17]} Ng5+ {[%emt 0:00:03]} 51. Kh2 {[%emt 0:00:22]} h4 {[%emt 0:00:06]} 52. Qb7 {[%emt 0:00:22]} Nd4 {[%emt 0:00:14]} 53. a6 {[%emt 0:00:30]} Ndf3+ {[%emt 0:00:05]} 54. Kh1 {[%emt 0:00:05]} 1-0

[Event "14th Poti Open-A 2019"]
[Site "Poti"]
[Date "2019.07.13"]
[Round "1.2"]
[White "Pantsulaia, Levan"]
[Black "Shmavonyan, Areg"]
[Result "1-0"]
[WhiteElo "2612"]
[BlackElo "2207"]
[Annotator "TA"]
[PlyCount "157"]
[EventDate "2019.07.13"]
[EventType "swiss"]
[EventCountry "GEO"]
[SourceTitle "playchess.com"]
[Source "ChessBase"]
[SourceQuality "1"]

{[%evp 10,157,10,9,14,13,9,13,18,19,22,21,20,28,25,18,40,37,43,43,46,52,51,0,35,-13,28,-25,0,0,10,4,4,0,0,0,0,0,0,0,0,0,0,-24,-6,-22,-14,-27,0,0,0,0,0,0,0,0,0,-38,-40,-40,-40,-70,-66,-57,-19,-59,-21,-39,-23,-23,34,10,34,0,0,0,0,-30,-27,-27,0,-33,0,0,0,-9,0,0,0,0,5,0,0,0,0,0,0,0,0,0,0,0,0,-53,0,0,0,0,0,-10,-10,-10,0,-7,-7,-8,-7,-8,0,0,0,-14,-17,-18,0,0,0,-1,0,0,0,0,0,0,0,0,0,0,0,0,35,36,254,254,261,181,29967,29970,5197,5197]} 1. Nf3 d5 2. g3 c6 3. Bg2 Bg4 4. O-O e6 5. d4 Nf6 6. Nbd2 Be7 {D02: 1 d4 d5 2 Nf3 sidelines, including 2...Nf6 3 g3 and 2...Nf6 3 Bf4} (6... Nbd7 7. Re1 Be7 8. e4 O-O 9. e5 Ne8 10. c3 c5 11. dxc5 Nxc5 12. Nb3 Nc7 13. Be3 b6 14. Nbd4 Qd7 15. b4 Ne4 16. Qd3 {½-½ (75) Gabuzyan,H (2571)-Dreev,A (2653) chess.com INT 2018}) 7. Re1 O-O 8. e4 dxe4 {The position is equal.} 9. Nxe4 Nxe4 10. Rxe4 Bf5 11. Re1 Nd7 12. c3 Qb6 13. Nd2 {[#]} Rad8 $146 ({Predecessor:} 13... Bg6 14. Nc4 Qa6 15. Ne3 Rac8 16. a4 Rfe8 17. a5 b5 18. h4 {1-0 (58) Rotstein,A (2542)-Polak,T (2535) Austria 2010}) 14. Nc4 Qa6 15. Ne3 Bg6 16. Qb3 ({Better is} 16. Bf1 $14 Qa5 17. Nc4) 16... Rfe8 17. a4 (17. Bf1 $5 {[%cal Rf1a6]} Qb6 18. Nc4 $14) 17... e5 18. Bd2 (18. Nc4 $142) 18... exd4 19. cxd4 Nf6 20. Bc3 Bf8 21. Nc4 Be4 22. Bxe4 Rxe4 23. Rxe4 Nxe4 24. Ne5 Rd5 25. Re1 Nf6 26. Re3 h6 27. Rf3 Qb6 28. Qc4 Bd6 29. Rxf6 gxf6 30. Ng4 Qd8 31. Nxh6+ Kg7 32. Ng4 $1 Rg5 33. Qe2 Qd7 34. Ne3 Qh3 35. Qf3 Rh5 $1 36. Nf1 Rh6 37. Qd1 Qf5 38. Qb3 b5 39. axb5 Qxb5 (39... cxb5 $11 40. Qa2 Bb8) 40. Qc2 $14 Qh5 41. Qa4 Qf3 42. Qxa7 Rh5 43. Nd2 Qd1+ 44. Nf1 Rxh2 (44... Rf5 $5 {[%cal Rd1e2]} 45. Bd2 Qe2 $11) 45. Qa6 Rh5 {[#] ( -> ...Qf3)} 46. Qxc6 Bb8 47. Qe4 Bd6 48. Kg2 Rh6 49. Qf3 Qb1 50. Qg4+ Kf8 51. d5 Rg6 52. Qh4 Qd3 53. Bxf6 {aiming for Qh8+.} Qxd5+ 54. Kg1 Ke8 55. Qa4+ Kf8 56. Ne3 (56. Qh4 $11 Ke8 57. Ne3) 56... Qe6 (56... Qf3 $15 57. Bh4 Bc5) 57. Qa8+ Qe8 58. Qf3 {And now Qh5 would win.} Be5 59. Nd5 {Threatens to win with Qa3+.} Bxf6 60. Nxf6 $11 {[%mdl 4096] Endgame KQR-KQN} Qd8 61. Qa3+ Kg7 62. Nh5+ Kg8 {White must now prevent ...Qd1+.} 63. Qf3 Qd4 64. b3 Rd6 65. Kg2 Kf8 66. Nf4 Qd1 67. Qa8+ Rd8 68. Qa5 Rc8 69. Qe5 Rd8 70. Qf6 {White threatens Ng6+ and mate.} Ke8 71. b4 Qd4 72. Qc6+ Qd7 73. Qf3 Rb8 74. Nd5 {Hoping for Nf6+.} Qb7 75. Qe4+ Kf8 $2 {[#]} (75... Kd8 $14) 76. Qe5 $1 $18 {[%cal Re5h8]} Kg8 77. f3 Qb5 $2 (77... f6 $18 78. Nxf6+ Kf7) 78. Qg5+ Kf8 79. Qh6+ {Accuracy: White = 58%, Black = 44%.} 1-0

[Event "14th Poti Open-A 2019"]
[Site "Poti"]
[Date "2019.07.13"]
[Round "1.3"]
[White "Eynullayev, Altay"]
[Black "Paichadze, Luka"]
[Result "0-1"]
[WhiteElo "2188"]
[BlackElo "2567"]
[Annotator "TA"]
[PlyCount "60"]
[EventDate "2019.07.13"]
[EventType "swiss"]
[EventCountry "GEO"]
[SourceTitle "playchess.com"]
[Source "ChessBase"]
[SourceQuality "1"]

{[%evp 12,60,11,16,35,22,27,34,35,35,33,26,32,22,60,17,33,15,31,-19,-25,-27,-21,-41,15,-80,-66,-75,-82,-83,8,11,8,-93,-90,-291,-289,-233,-239,-1000,-1008,-989,-970,-2462,-886,-29991,-29988,-29992,-29989,-29989,-29990]} 1. e4 c6 2. d4 d5 3. e5 Bf5 4. Bd3 Bxd3 5. Qxd3 e6 6. Ne2 Ne7 7. O-O h5 {B12: Caro-Kann: Advance Variation} 8. Nd2 Nf5 9. Nf3 Be7 {White is slightly better.} 10. Bd2 $146 ({Predecessor:} 10. Ng3 g6 11. Nxf5 gxf5 12. b3 Nd7 {½-½ (36) Korneev,O (2551)-Ubilava,E (2552) Elgoibar 2002}) 10... g5 11. Ng3 Ng7 12. h3 c5 13. c3 Nc6 14. Rfe1 cxd4 15. cxd4 g4 16. hxg4 hxg4 17. Nh2 Rh4 (17... Qb6 $15) 18. a3 (18. Ne2 $11 {remains equal.}) 18... Qb6 $36 {[%mdl 2048] Black is more active.} 19. b4 Qxd4 20. Qe2 Nf5 (20... Nh5 $17 21. Nxh5 Rxh5 22. Qxg4 Qxg4 23. Nxg4 Nd4) 21. Nxf5 $1 $11 exf5 22. g3 (22. Nf1 $11) 22... Rh3 $17 {...Rxg3+ is the strong threat.} 23. b5 $2 (23. Bf4 $17 {was necessary.}) 23... Rxg3+ $19 24. Kh1 {[#]} Rd3 $1 {[%cal Rd3d2]} ({Inferior is} 24... Rxa3 25. Rxa3 Bxa3 26. bxc6 $16) 25. e6 $2 (25. Rad1 Nd8 26. Bc1 Rxd1 27. Rxd1) 25... Rxd2 26. exf7+ Kf8 27. Qe6 Rxf2 {( -> ...Qf4)} 28. bxc6 {[#]} Rxh2+ $1 {Black mates.} 29. Kxh2 Qf2+ 30. Kh1 Qf3+ {Accuracy: White = 30%, Black = 55%.} 0-1

[Event "14th Poti Open-A 2019"]
[Site "Poti"]
[Date "2019.07.13"]
[Round "1.4"]
[White "Nigalidze, Gaioz"]
[Black "Matevosyan, Sedrak"]
[Result "1-0"]
[WhiteElo "2563"]
[BlackElo "2185"]
[Annotator "TA"]
[PlyCount "65"]
[EventDate "2019.07.13"]
[EventType "swiss"]
[EventCountry "GEO"]
[SourceTitle "playchess.com"]
[Source "ChessBase"]
[SourceQuality "1"]

{[%evp 33,77,14,20,16,16,11,33,29,50,39,34,38,39,38,26,22,45,58,60,45,68,-14,-8,0,25,1,100,10,104,108,113,111,255,197,169,130,307,317,306,280,1173,1173,1003,580,1001,994]} 1. d4 Nf6 2. c4 e6 3. Nf3 b6 4. g3 Ba6 5. b3 Bb4+ 6. Bd2 Be7 7. Bg2 c6 8. Bc3 d5 9. Nbd2 O-O 10. Ne5 Nfd7 11. Nxd7 Nxd7 12. O-O Rc8 13. e4 b5 14. Re1 bxc4 15. bxc4 dxc4 16. Qa4 Bb5 17. Qc2 Re8 18. a4 {E15: Queen's Indian: 4 g3 sidelines, 4 g3 Ba6 and 4 g3 Bb7 early deviations} Ba6 19. Rad1 (19. Bf1 c5 20. d5 exd5 21. exd5 Bf6 {½-½ (21) Almiron,L (2591)-Bubir,A (2604) ICCF email 2010}) 19... Rb8 20. Bf1 {White is slightly better.} Bb4 21. Nxc4 $146 ({Predecessor:} 21. Bxc4 Bxc4 22. Nxc4 Qc7 23. Qd2 Bf8 24. Rb1 h6 25. Ba5 Qc8 26. Rxb8 Qxb8 {½-½ (51) Ton That Nhu,T (2247)-Nolte,R (2396) Kuala Lumpur 2007}) 21... Bxc4 22. Bxc4 Qa5 23. Re3 Nb6 24. Bb3 c5 25. Bxb4 cxb4 26. d5 $1 exd5 $1 27. exd5 (27. Ree1 $1 $14) 27... Rxe3 $11 28. fxe3 Rc8 29. Qe4 Nd7 {[#]} (29... Qc5 $11) 30. d6 (30. Rf1 $1 $16 {[%cal Rf1f7]} Rf8 31. d6) 30... Qe5 (30... Qc5 $1 $11 {remains equal.}) 31. Qxe5 $16 Nxe5 {[%mdl 4096] Endgame [#] KRB-KRN} 32. Rd5 $1 {[%cal Rd5e5]} Ng4 {[#]} (32... Nd7 $16 {might work better.}) 33. Ra5 {Played: Rd5-c5} 1-0

[Event "14th Poti Open-A 2019"]
[Site "Poti"]
[Date "2019.07.13"]
[Round "1.5"]
[White "Iolis, Oleg"]
[Black "Sanikidze, Tornike"]
[Result "0-1"]
[WhiteElo "2178"]
[BlackElo "2509"]
[Annotator "TA"]
[PlyCount "28"]
[EventDate "2019.07.13"]
[EventType "swiss"]
[EventCountry "GEO"]
[SourceTitle "playchess.com"]
[Source "ChessBase"]
[SourceQuality "1"]

{[%evp 9,28,2,27,9,13,18,56,45,85,-85,-93,-449,-460,-460,-454,-418,-447,-431,-451,-433,-384]} 1. e4 d6 2. d4 g6 3. Nc3 Bg7 4. Bg5 a6 5. f4 b5 6. Nf3 {B06: Modern Defence} Bb7 7. Bd3 c5 (7... Nd7 8. e5 c5 9. Be4 Qb6 10. dxc5 Nxc5 11. Bxb7 Qxb7 12. Qd5 Rc8 13. O-O-O Qxd5 14. Nxd5 {1-0 (56) Tomczak,J (2631)-Lagarde,M (2604) chess.com INT 2019}) 8. dxc5 {White is slightly better.} dxc5 {[#]} 9. Ne5 $146 (9. e5 $1 $16 {keeps the pressure on.}) ({Predecessor:} 9. e5 f5 10. a4 b4 11. Nb1 Nc6 12. Nbd2 Nd4 13. Nxd4 Qxd4 {1-0 (21) Vavulin,M (2430)-Xu,Y (2360) Gyor 2014}) 9... f6 $17 {[%mdl 64] Double Attack} 10. Bxb5+ $2 {[%mdl 8192]} (10. Nf7 $17 {was the crucial defense.} Qb6 11. Nxh8 fxg5 12. fxg5) 10... axb5 $19 11. Qxd8+ Kxd8 12. Nf7+ Ke8 13. Nxh8 fxg5 (13... Bxh8 $2 14. Bh4 $19) 14. Nxb5 {With the idea Nc7+.} Na6 (14... Bxh8 $2 15. Nc7+ Kf7 16. Nxa8 $19) 0-1

[Event "14th Poti Open-A 2019"]
[Site "Poti"]
[Date "2019.07.13"]
[Round "1.6"]
[White "Maghalashvili, Davit"]
[Black "Manafov, Vugar"]
[Result "1-0"]
[WhiteElo "2485"]
[BlackElo "2175"]
[Annotator "TA"]
[PlyCount "143"]
[EventDate "2019.07.13"]
[EventType "swiss"]
[EventCountry "GEO"]
[SourceTitle "playchess.com"]
[Source "ChessBase"]
[SourceQuality "1"]

{[%evp 9,143,10,18,18,16,16,22,27,24,20,17,15,72,84,75,86,84,84,73,0,0,0,25,0,0,0,0,-16,0,0,0,0,0,0,30,0,0,0,9,10,20,0,0,0,0,0,0,0,0,-66,0,0,0,0,0,0,0,0,0,0,100,97,97,95,106,103,132,128,144,143,142,130,129,114,108,92,146,143,182,162,218,207,237,237,235,234,231,231,235,214,217,181,187,181,181,181,179,175,175,118,147,147,156,151,457,456,402,94,101,94,106,86,381,383,352,318,351,334,513,490,1624,1580,4686,3796,29975,29976,29978,29979,29979,29979,29979,29980,0,0,29979,29981]} 1. Nf3 Nf6 2. g3 d5 3. Bg2 c6 4. O-O Bg4 5. d4 Nbd7 6. h3 {D02: 1 d4 d5 2 Nf3 sidelines, including 2...Nf6 3 g3 and 2...Nf6 3 Bf4} (6. c4 e6 7. h3 Bh5 8. cxd5 exd5 9. Qb3 Qb6 10. Qe3+ Be7 11. Nh4 Bg6 12. Nc3 Qd8 13. Nxg6 hxg6 14. b4 b5 {½-½ (30) Malakhov,V (2686)-Tomashevsky,E (2713) St Petersburg 2017}) 6... Bh5 7. c4 dxc4 8. Na3 {The position is equal.} Bxf3 $146 ({Predecessor:} 8... c3 9. bxc3 e6 10. Nc4 Be7 11. Rb1 Nb6 12. Qb3 Bg6 13. Rb2 Nfd7 {1-0 (32) Ajrapetjan,Y (2168)-Baltag,I (2196) Artek 2000}) 9. Bxf3 Nb6 10. Qc2 e5 (10... Qxd4 $11 {keeps the balance.} 11. Rd1 (11. Be3 Qd6 $11) 11... Qc5) 11. dxe5 $16 Bxa3 12. bxa3 {Black must now prevent Bg5.} Nfd7 13. Bb2 O-O 14. Be4 (14. a4 $16) 14... h6 $1 $11 15. Rad1 Qe7 16. f4 Nc5 17. Bg2 Nca4 18. Bd4 Rfd8 19. f5 Rxd4 20. Rxd4 Qxe5 21. Rfd1 Kh7 ({Don't blunder} 21... Qxg3 $2 22. Rd8+ Rxd8 23. Rxd8+ Kh7 24. Qe4 $18) 22. Kh2 {Hoping for f6+.} (22. f6+ $5 g6 23. Re4 Qxg3 24. Rxc4 $14) 22... f6 23. Bf3 Nc5 24. Bh5 Nd3 $1 25. Rxc4 Nxc4 26. Bg6+ $1 Kh8 27. Qxd3 {Strongly threatening Qd8+!} Nd6 28. Rd2 Rd8 29. Qb3 (29. h4 $11) 29... b5 (29... Qa5 $15 30. Rd1 c5) 30. Qe6 Nb7 $1 31. Rc2 {And now Qxe5 would win.} c5 32. Qc6 Qe7 33. Qxb5 Qe4 34. Rb2 Rd1 (34... Nd6 $11 {remains equal.} 35. Qxc5 Nc4) 35. Qe8+ $16 Qxe8 36. Bxe8 {[%mdl 4096] Endgame KRB-KRN} Rd8 37. Bf7 Nd6 38. Be6 $1 g6 39. g4 $1 gxf5 40. gxf5 Ne4 41. Kg2 Ng5 42. Rb7 Rd2 (42... Rd4 $142) 43. Kf2 ({Don't take} 43. Rxa7 Rxe2+ 44. Kf1 Re5 $16) 43... Rd6 44. Rxa7 Nxh3+ (44... Nxe6 {was necessary.} 45. fxe6 Rxe6) 45. Ke3 $18 Ng5 46. Bb3 $1 h5 47. Rc7 h4 48. Rxc5 h3 49. Rc4 Ra6 50. Ra4 Rc6 51. Rh4+ Kg7 52. a4 Rc5 {[#]} 53. Kd4 $1 {[%cal Rd4c5]} Ra5 54. a3 (54. Bc2 $18) 54... Kf8 $16 55. Bc2 Ke7 56. Rh6 Re5 $2 (56... Kf7 $16 {is a better chance.} 57. Ke3 Re5+ 58. Kf2 Ne4+ 59. Ke1 Ng5) 57. Bd3 $18 Kf7 58. Bc4+ $2 (58. Rh5 $18 {has better winning chances.} Ra5 59. Bb5) 58... Ke7 $16 59. Bd5 {Threatens to win with e4.} Rxf5 60. a5 {a6 is the strong threat.} Ne6+ $2 {[%mdl 8192]} (60... Kd6 $16 61. e4 Nxe4) 61. Kc4 $18 Nc7 62. e4 ({And not} 62. Rxh3 Rxd5 63. Rh7+ Kd6 $11) 62... Rf3 63. a4 f5 (63... Rf1 $142 64. Rxh3 Kd6) 64. a6 h2 (64... Nxa6 $142 65. Rxa6 fxe4) 65. a7 fxe4 66. Rxh2 Nxd5 67. Kxd5 {KR-KR} Rf5+ 68. Kc6 Ra5 69. Kb7 Rxa4 70. a8=Q Rxa8 71. Kxa8 Kf6 $2 {[%mdl 8192] [#]} (71... Kd6 $11) 72. Rh5 $1 {Accuracy: White = 78%, Black = 58%.} 1-0

[Event "14th Poti Open-A 2019"]
[Site "Poti"]
[Date "2019.07.13"]
[Round "1.7"]
[White "Yeremyan, Alen"]
[Black "Babujian, Levon"]
[Result "0-1"]
[WhiteElo "2148"]
[BlackElo "2469"]
[Annotator "TA"]
[PlyCount "96"]
[EventDate "2019.07.13"]
[EventType "swiss"]
[EventCountry "GEO"]
[SourceTitle "playchess.com"]
[Source "ChessBase"]
[SourceQuality "1"]

{[%evp 16,96,0,0,0,-20,-15,-22,0,0,0,-15,-9,-7,-10,-13,0,-26,21,0,7,6,37,10,12,0,32,32,32,37,33,0,47,0,6,7,7,6,64,58,62,62,68,54,77,27,34,8,8,8,16,0,0,0,0,-88,0,0,50,55,152,-475,-483,-1017,-1016,-1005,-1001,-1045,-346,-346,-345,-345,-341,-5057,-5021,-5006,-4990,-2947,-2537,-29966,-29967,-29967,-12359]} 1. e4 e5 2. Nf3 Nc6 3. d4 exd4 4. Nxd4 Nf6 5. Nxc6 bxc6 6. Bd3 d5 7. exd5 cxd5 8. O-O Be7 9. Bf4 O-O {C45: Scotch Game} 10. Nd2 Bg4 11. Be2 Bf5 {The position is equal.} 12. Bd3 Bg4 13. Be2 Be6 14. c4 $146 ({Predecessor:} 14. Nb3 c5 15. Re1 Qb6 16. Qc1 Rfd8 17. c4 d4 18. Qc2 h6 19. h3 {0-1 (46) Azimov,I (2169)-Lysyj,I (2618) St Petersburg 2017}) 14... d4 15. Bd3 a5 {[%cal Ba7a5,Ba5a4][%mdl 32]} 16. h3 Qd7 17. Qf3 a4 18. Rfe1 Rab8 19. Rab1 Rb4 20. g4 Rfb8 21. b3 axb3 22. axb3 R4b6 23. Re2 h6 24. Ra1 Bd6 25. Ra7 Bxf4 26. Qxf4 Qd6 (26... Rc8 $1 $11) 27. Qxd6 $14 cxd6 28. f4 $1 Kf8 29. f5 Bd7 30. Be4 Be8 31. Bg2 Nd7 32. Bd5 $36 {[%mdl 2048] White is pushing.} d3 33. Re1 Nc5 34. Ree7 {[%cal Rd5f7]} Nxb3 35. Bxf7 (35. f6 $1 $11 gxf6 36. Ne4) 35... Nxd2 (35... Ra6 $1 $17 {[%cal Ra6a7]} 36. Rxe8+ (36. Rxa6 Kxe7 37. Nxb3 Bxf7 $17) 36... Rxe8 37. Rxa6 Re1+ 38. Kf2 Re2+ {[%mdl 64] Double Attack} 39. Kg3 Nxd2) 36. Bxe8 $1 $11 {aiming for Bc6!} Nf3+ (36... Rxe8 $5 37. Rf7+ $8 Kg8 38. Rxg7+ Kh8 39. Rh7+ {[%mdl 64] Double Attack} Kg8 40. Rhg7+ Kh8 41. Rh7+ {[%mdl 64] Double Attack} Kg8 42. Rhg7+ $11) 37. Kf2 Ne5 ({Black should play} 37... d2 $1 $14 38. Ba4 Ne5) 38. Rxg7 $2 {[#]} (38. Bb5 $1 $16 {is necessary to keep the advantage.}) 38... Rb2+ $1 $19 ({Wrong is} 38... Rxe8 $2 39. Rh7 $18) 39. Kg3 (39. Ke3 $142 Rxe8 40. Kf4) 39... d2 ({Avoid the trap} 39... Rxe8 $2 40. Rh7 $18) 40. Rh7 {[#]} R8b7 $3 {[%mdl 512]} 41. Ba4 (41. Raxb7 Rxb7) 41... Rxh7 $2 (41... Rxa7 42. Rxa7 Ra2 43. Ra8+ Kf7 44. Be8+ {[%mdl 64] [#] Discovered Attack} Ke7 $1 {[%mdl 512]} 45. f6+ Kxf6 46. Rxa2 d1=Q) 42. Rxh7 {[%mdl 4096] Endgame KRB-KRN} Ra2 43. Bd1 Ra1 44. Be2 $2 (44. Bc2 Rc1 45. Ba4 Rxc4 46. Bd1) 44... Re1 45. Kf2 {[#]} Nd3+ $1 {[%mdl 512]} 46. Kf3 (46. Bxd3 d1=Q) 46... Nc1 47. Rxh6 Nxe2 48. Rxd6 Ng1+ {Accuracy: White = 33%, Black = 50%.} 0-1

[Event "14th Poti Open-A 2019"]
[Site "Poti"]
[Date "2019.07.13"]
[Round "1.8"]
[White "Hayrapetyan, Hovik"]
[Black "Tereladze, Sopiko"]
[Result "0-1"]
[WhiteElo "2465"]
[BlackElo "2144"]
[Annotator "TA"]
[PlyCount "72"]
[EventDate "2019.07.13"]
[EventType "swiss"]
[EventCountry "GEO"]
[SourceTitle "playchess.com"]
[Source "ChessBase"]
[SourceQuality "1"]

{[%evp 13,90,47,51,4,6,0,17,8,3,1,14,5,9,0,0,0,0,0,0,0,0,0,4,0,7,-110,-108,-94,-32,-44,-39,-164,-145,-130,-83,-261,-274,-343,-316,-307,-291,-387,-274,-446,-348,-529,-473,-454,-85,-610,-87,-554,-583,-603,-603,-733,-695,-983,-971,-963,-892,-958,-566,-469,-507,-432,0,-2437,-1644,-29975,-29976,-29985,-29987,-29990,-29991,-29991,-29992,-29992,-29989]} 1. Nf3 Nf6 2. c4 e6 3. d4 b6 4. g3 Bb7 5. Bg2 Bb4+ 6. Bd2 Qe7 7. O-O O-O 8. Bc1 {E16: Queen's Indian: 4 g3 Bb7 5 Bg2 Bb4+} d5 9. cxd5 (9. Ne5 Nbd7 10. Bg5 Qe8 11. Nxd7 Nxd7 12. Qb3 Bd6 13. c5 Be7 14. Bxe7 Qxe7 15. Rc1 c6 {½-½ (105) Socko,B (2588)-Tazbir,M (2525) Poland 2018}) 9... exd5 $146 ({Predecessor:} 9... Bxd5 10. a3 Bd6 11. Nc3 Bb7 12. Nb5 Nbd7 13. Re1 a6 14. Nxd6 cxd6 15. Bf4 Rac8 {1-0 (61) Holtey,G-Palau,L Buenos Aires 1931}) 10. a3 {The position is equal.} Bd6 11. Nc3 a6 12. Nh4 {Threatening Bg5.} Qe6 $1 13. Qc2 Ne4 14. f3 Nxc3 15. bxc3 f5 16. Bh3 {[%cal Rh3f5]} g6 17. Bh6 Re8 18. Rae1 {e4! is the strong threat.} Nd7 (18... Bxa3 $6 19. e4 $1 $16 {[%mdl 512]}) 19. g4 (19. Qd2 $11 {remains equal.}) 19... Qf6 $1 $17 {[%cal Rf6h4]} ({Much less strong is} 19... Bxa3 20. Qd2 $15) 20. g5 Qe6 (20... Qf7 $17 21. e4 dxe4 22. fxe4 Rxe4 23. Rxe4 Bxe4 24. Qxe4 fxe4 25. Rxf7 Kxf7 26. Bxd7 Bxa3) 21. e3 $15 Bxa3 22. c4 (22. Nxf5 $1 $15 gxf5 23. Bxf5) 22... Bb4 $36 {[%mdl 2048] Black is on the roll.} ({Don't do} 22... dxc4 23. e4 $1 $15 {[%mdl 512]}) 23. Re2 c5 24. Qb2 $2 (24. cxd5 $17 Qxd5 25. Qb2) 24... a5 25. e4 dxc4 26. d5 {[%csl Gh6][%cal Rb2g7]} Qe5 {White must now prevent ...c3.} 27. Qc2 b5 28. Rff2 $2 (28. Ref2 {was necessary.} Qd6 29. exf5) 28... Qc3 29. Qb1 (29. exf5 {was the only chance.} Qxc2 30. Rxc2 Bxd5 31. fxg6) 29... Qd3 30. Qf1 Qd4 $2 {[#]} (30... Ne5 $19 31. f4 Nf7 32. exf5 Bxd5 33. fxg6 hxg6) 31. exf5 $2 {[%mdl 8192]} (31. Bxf5 $1 $17 {[%mdl 512]} Ne5 (31... gxf5 32. Nxf5) 32. f4) 31... Qxh4 $2 {[#]} (31... Ne5 $19 {has better winning chances.} 32. fxg6 Qxh4) 32. fxg6 $2 {[%mdl 8192] [#]} (32. Re4 $1 $17 {[%mdl 512] was the crucial defense.} Qh5 (32... Rxe4 33. fxe4) 33. Qa1) 32... Ne5 $1 33. Re4 Qh5 34. gxh7+ Kh8 35. d6 Bc3 36. d7 {[#]} Re7 {Played: Ne5xd7} 0-1